| 000 | 01271cam a2200313 a 4500 | ||
|---|---|---|---|
| 001 | 3981699 | ||
| 005 | 19960531101635.6 | ||
| 008 | 951205s1996 paua | b 000 0 eng d | ||
| 010 | _a 95052350 | ||
| 020 | _a0803601123 | ||
| 040 |
_aDNLM/DLC _cDLC _dDLC |
||
| 050 | 0 | 0 |
_aRC440 _b.T693 1996 |
| 060 | 1 | 0 | _aWY 160 T749p 1996 |
| 082 | 0 | 0 |
_a610.7368 _222 _bTOW |
| 100 | 1 |
_aTownsend, Mary C., _d1941- _910236 |
|
| 245 | 1 | 0 |
_aInstructor's Guide Psychiatric Mental Health Nursing : _bConcepts of Care / _cMary C. Townsend |
| 250 | _a2nd ed. | ||
| 260 |
_aPhiladelphia, PA : _bF.A. Davis,1996 _cc1996. |
||
| 300 |
_a313 p. : _bill. ; _c26 cm. |
||
| 500 | _aDonated by: Dr. Shahrazad | ||
| 504 | _aIncludes bibliographical references and index. | ||
| 650 | 0 |
_aPsychiatric nursing. _910237 |
|
| 650 | 1 | 2 |
_aPsychiatric Nursing _xmethods. _910238 |
| 650 | 2 | 2 |
_aMental Disorders _xnursing. _910239 |
| 650 | 2 | 2 |
_aPsychotherapy _xnurses' instruction. _910240 |
| 942 |
_2ddc _cBB |
||
| 999 |
_c13130 _d13130 |
||